000 00657nam a2200217 4500
003 OSt
005 20240626020111.0
006 a
008 240626b |||||||| |||| 00| 0 eng d
020 _a9715811329
040 _aDWCL-Main lib.
_cOC
082 _aFil. 616.61 P139c 2003
100 _aPagunsan, Pearle T.
110 _aHazel Chua- Pagusnan
245 _aCaring for the filters : why do some kidneys fail /
260 _aManila :
_bPhilippine Pub. House,
_cc2003.
300 _b96 p. : ill . ;
_c22 cm.
504 _aIncludes bibliographical references.
650 _a1. Chronic renal failure- popular works.
942 _2ddc
_n0
_cBK - FIL
_kFil.
999 _c1360
_d1360